|
|
|
|
| LEADER |
01179nam a2200277 a 4500 |
| 001 |
GR-Patra25077 |
| 008 |
060826s2006 nyu g 001 b eng d |
| 020 |
|
|
|a 0072262281
|
| 082 |
|
0 |
|a 004.36
|2 22
|
| 100 |
1 |
|
|a Sunderic, Dejan
|
| 245 |
1 |
0 |
|a Microsoft SQL Server 2005 stored procedure programming in T-SQL & .NET /
|c Dejan Sunderic.
|
| 250 |
|
|
|a 3rd ed.
|
| 260 |
|
|
|a New York :
|b McGraw-Hill,
|c c2006
|
| 300 |
|
|
|a xxxvii, 664 σ. :
|b εικ.
|
| 500 |
|
|
|a Παράρτημα Πύργου. Τμήμα Πληροφορικής και μέσων μαζικής ενημέρωσης
|
| 500 |
|
|
|a Περιλαμβάνει ευρετήριο.
|
| 610 |
2 |
4 |
|a Παράρτημα Πύργου. Τμήμα Πληροφορικής & Μέσων Μαζικής Ενημέρωσης
|
| 630 |
|
|
|a SQL server
|
| 650 |
|
0 |
|a Client/Server computing
|
| 650 |
|
0 |
|a Computer programming
|
| 650 |
|
0 |
|a Relational databases
|
| 710 |
0 |
|
|a McGraw-Hill
|
| 942 |
|
|
|2 ddc
|
| 952 |
|
|
|0 0
|1 0
|2 ddc
|4 0
|6 004_360000000000000_SUN
|7 0
|9 366947
|a LISP
|b LISP
|c ALFg
|d 2022-12-21
|l 0
|o 004.36 SUN
|p 025000296033
|r 2022-12-21 00:00:00
|t 1
|w 2022-12-21
|y BK15
|
| 971 |
|
|
|a .b2672649x
|b 15-04-20
|c 26-09-16
|
| 999 |
|
|
|c 177109
|d 177109
|